Handbook for AACR2 1988 Revision (Record no. 1162)
[ view plain ]
| 000 -LEADER | |
|---|---|
| fixed length control field | 00498nam a2200145Ia 4500 |
| 020 ## - INTERNATIONAL STANDARD BOOK NUMBER | |
| ISBN | 0-8389-0505-6 |
| 082 ## - DEWEY DECIMAL CLASSIFICATION NUMBER | |
| Classification number | RR 025.32 HAN |
| 245 #0 - TITLE STATEMENT | |
| Title | Handbook for AACR2 1988 Revision |
| 260 ## - PUBLICATION, DISTRIBUTION, ETC. (IMPRINT) | |
| Place of publication | Chicago |
| Name of publisher | American library association |
| Year of publication | 1989 |
| 300 ## - PHYSICAL DESCRIPTION | |
| Number of Pages | ix,436p |
| 440 ## - SERIES STATEMENT/ADDED ENTRY--TITLE | |
| Title | Explaining and Illustrating the Anglo-American cataloguing |
| 650 ## - SUBJECT ADDED ENTRY--TOPICAL TERM | |
| Topical Term | Anglo-American cataloguing rule-handbook, manuls, etc Descriptive cataloguing-Rule-Handbooks, manuls,etc |
| 700 ## - ADDED ENTRY--PERSONAL NAME | |
| Personal name | Maxwell, Margaret F |
| 942 ## - ADDED ENTRY ELEMENTS (KOHA) | |
| Koha item type | Books |
| Withdrawn status | Lost status | Damaged status | Not for loan | Home library | Current library | Date acquired | Bill Date | Full call number | Accession Number | Price effective from | Koha item type |
|---|---|---|---|---|---|---|---|---|---|---|---|
| NASSDOC Library | NASSDOC Library | 08/06/2004 | 2004-10-22 | RR 025.32 HAN | 29759 | 18/04/2019 | Books |
